Statistiques concernant Culture Générale - Série 1479

Cliquez ici pour prendre le quiz!

Statistiques générales

  • Ce quiz a été pris 39 fois
  • Le résultat moyen est 6 sur 10

Statistiques - réponses

QuestionRéponse% Correct
Selon Blaise Pascal, quelle reine possédait un nez qui : "s'il eut été plus court, toute la face de la terre aurait changé" ?Cléopâtre
89%
Combien de fois Sean Connery a-t-il incarné James Bond 007 au cinéma ?sept
89%
Comment appelle-t-on les vallées étroites et encaissées des Alpes, où coule le Verdon ?gorges
81%
L'un des plus grands tubes de rock'n'roll de Gene Vincent est "Be bop a...lula
68%
Selon l'expression, on dit d'une personne excessivement polie, dans le but d'obtenir quelque chose, qu'elle fait des ronds de...jambe
62%
Dans quelle ville du Nord est né le corsaire Jean Bart, célèbre pour ses exploits durant les guerres de Louis XIV ?Dunkerque
62%
Quel département français a pour chef-lieu la ville de Limoges ?Haute-Vienne
57%
Quelle basilique, la plus vaste de la chrétienté, est aussi appelée "Basilique vaticane" ?Saint-Pierre de Rome
30%
Avec quel roman, adapté par Matteo Garrone au cinéma, Roberto Saviano révèle-t-il les structures de la Camorra napolitaine ?Gomorra
16%
Quel était le surnom du footballeur international Didier Deschamps ?la dèche
3%

Distribution des résultats

Percentile par nombre de réponses

% des personnes avec chaque résultat

Votre développement - résultats

Vous n’avez pas pris ce quiz